| 000 | 01106nam a22004090a 4500 | ||
|---|---|---|---|
| 001 | PT40172 | ||
| 003 | AR-LpoUNG | ||
| 005 | 20210131230713.0 | ||
| 008 | 191001s2010||||ag |||||||||||||||||spa d | ||
| 020 |
_a9789500732291 _c$15.50 |
||
| 040 |
_aAR-LpoUNG _bspa _cAR-LpoUNG _eaacr |
||
| 041 | _aspa | ||
| 044 | _aag | ||
| 082 | 0 | _a982.065 877gue | |
| 100 | 1 | _aCox, David | |
| 245 | 1 | 0 |
_aGuerra sucia, secretos sucios : _bla vida de Robert J. Cox, el periodista que hizo su trabajo: publicar lo que otros callaban |
| 250 | _a1§ edición | ||
| 260 |
_aBuenos Aires : _bSudamericana, _c2010. |
||
| 300 |
_a314 p. : _bil. |
||
| 650 | 4 | _aARGENTINA | |
| 650 | 4 | _aBIOGRAFIAS | |
| 650 | 4 | _aDERECHOS HUMANOS | |
| 650 | 4 | _aDICTADURA | |
| 650 | 4 | _aGOBIERNO MILITAR | |
| 650 | 4 | _aGOLPES DE ESTADO | |
| 650 | 4 | _aHISTORIA POLITICA | |
| 650 | 4 | _aPERIODISMO | |
| 650 | 4 | _aPERIODISTAS | |
| 651 | 4 | _aArgentina | |
| 653 | _aDESAPARECIDOS | ||
| 653 | _aEXILIO | ||
| 653 | _aPERONISMO | ||
| 700 | 1 |
_aArijón, Teresa _etr. |
|
| 700 | 1 |
_aCox, Robert J. _epról. |
|
| 905 | _a40172 | ||
| 942 | _cLIB | ||
| 999 |
_c5707 _d5707 |
||